Complete short stories. Volume two (Record no. 429)

MARC details
000 -LEADER
fixed length control field 00217 a2200097 4500
020 ## - INTERNATIONAL STANDARD BOOK NUMBER
International Standard Book Number 9781405910118
100 ## - MAIN ENTRY--PERSONAL NAME
Personal name Dahl
245 ## - TITLE STATEMENT
Title Complete short stories. Volume two
260 ## - PUBLICATION, DISTRIBUTION, ETC.
Name of publisher, distributor, etc. Penguin Books Ltd
Date of publication, distribution, etc. 2013
942 ## - ADDED ENTRY ELEMENTS (KOHA)
Source of classification or shelving scheme Dewey Decimal Classification
Koha item type
Holdings
Withdrawn status Lost status Damaged status Not for loan Collection Home library Current library Shelving location Date acquired Barcode Date last seen Price effective from Koha item type
        Reference Centerville Centerville General stacks 12/04/2014 39999000018950 12/04/2014 12/04/2014 Books
        Reference Fairview Fairview General stacks 12/04/2014 39999000018974 12/04/2014 12/04/2014 Books